[Event "Remote 7er 0102 email"]
[Site "Remote email"]
[Date "2014.01.26"]
[Round "?"]
[White "Vetter, Udo"]
[Black "Foerster, Hans Juergen"]
[Result "0-1"]
[WhiteElo "1766"]
[BlackElo "2199"]
[PlyCount "38"]
[EventDate "2014.??.??"]
[EventType "tourn (corr)"]
[EventRounds "6"]
[EventCountry "GER"]
[SourceTitle "Corr 2015"]
[Source "ChessBase"]
[SourceDate "2015.07.17"]
[SourceVersion "1"]
[SourceVersionDate "2015.07.17"]
[SourceQuality "1"]

1. e4 c6 2. d4 d5 3. Nc3 dxe4 4. Nxe4 Nf6 5. f3 Nbd7 6. Bc4 e5 7. Ng5 Nd5 8. dxe5 Nxe5 9. Bb3 Bb4+ 10. c3 Bc5 11. c4 Qe7 12. Ne2 Ne3 13. Bxe3 Bxe3 14. Ne4 Bh3 15. Kf1 Rd8 16. Qc2 Nxf3 17. gxh3 Qh4 18. N2g3 Qf4 19. Kg2 Nh4# 0-1

[Event "Remote 11er 0045 email"]
[Site "Remote email"]
[Date "2013.11.17"]
[Round "?"]
[White "Foerster, Hans Juergen"]
[Black "Traut, Gerhard"]
[Result "1/2-1/2"]
[WhiteElo "2205"]
[BlackElo "2294"]
[PlyCount "60"]
[EventDate "2013.??.??"]
[EventType "tourn (corr)"]
[EventRounds "10"]
[EventCountry "GER"]
[SourceTitle "Corr 2015"]
[Source "ChessBase"]
[SourceDate "2015.07.17"]
[SourceVersion "1"]
[SourceVersionDate "2015.07.17"]
[SourceQuality "1"]

1. e4 e5 2. Nf3 Nc6 3. Nc3 Nf6 4. g3 Bc5 5. Bg2 d6 6. d3 a6 7. 0-0 0-0 8. Nd5 Nxd5 9. exd5 Ne7 10. d4 exd4 11. Nxd4 Ng6 12. c3 Qf6 13. Re1 Bd7 14. f4 Rae8 15. Be3 Ne7 16. a3 Qg6 17. b4 Bb6 18. Bf2 h5 19. c4 h4 20. Qd2 hxg3 21. hxg3 Nf5 22. c5 Ba7 23. Qc2 Qg4 24. Nxf5 Bxf5 25. Qc3 Qg6 26. Rxe8 Rxe8 27. Re1 Rxe1+ 28. Qxe1 Kf8 29. cxd6 Bxf2+ 30. Kxf2 Qxd6 1/2-1/2

[Event "Remote Jubilee Gr.C email"]
[Site "Remote email"]
[Date "2013.09.02"]
[Round "?"]
[White "Foerster, Hans Juergen"]
[Black "Carlsen, Torben Erik"]
[Result "1/2-1/2"]
[WhiteElo "2199"]
[BlackElo "2374"]
[PlyCount "99"]
[EventDate "2013.??.??"]
[EventType "tourn (corr)"]
[EventRounds "11"]
[EventCountry "GER"]
[SourceTitle "Corr 2015"]
[Source "ChessBase"]
[SourceDate "2015.07.17"]
[SourceVersion "1"]
[SourceVersionDate "2015.07.17"]
[SourceQuality "1"]

1. e4 c6 2. d4 d5 3. Nd2 dxe4 4. Nxe4 Nd7 5. Ng5 Ngf6 6. Bc4 e6 7. Qe2 Nb6 8. Bd3 h6 9. N5f3 c5 10. dxc5 Bxc5 11. Ne5 Nbd7 12. Ngf3 Qc7 13. 0-0 0-0 14. Bf4 Bd6 15. Bg3 Nxe5 16. Nxe5 Nd7 17. Nxd7 Bxd7 18. Bxd6 Qxd6 19. Rad1 Qb6 20. b3 Bc6 21. c4 Rfd8 22. Qe5 a5 23. Bc2 Qb4 24. h3 a4 25. Rd4 Rxd4 26. Qxd4 axb3 27. axb3 Qe7 28. Rd1 f5 29. Qe3 Kf7 30. Re1 Re8 31. Re2 Qf6 32. Rd2 f4 33. Qe2 Ra8 34. f3 Ra1+ 35. Kh2 Qc3 36. Bd1 Rc1 37. Rd6 Qe3 38. Qxe3 fxe3 39. Rd3 b5 40. Be2 bxc4 41. bxc4 Rxc4 42. Rxe3 Rc2 43. Kg3 Kf6 44. h4 Bd5 45. f4 h5 46. Bf3 g6 47. Be2 Ra2 48. Bf3 Ra5 49. Be2 Ra1 50. Bf3 1/2-1/2

[Event "Remote 7er 0100 email"]
[Site "Remote email"]
[Date "2013.08.24"]
[Round "?"]
[White "Foerster, Hans Juergen"]
[Black "Grimm, Wolfgang"]
[Result "1-0"]
[WhiteElo "2260"]
[BlackElo "2036"]
[PlyCount "41"]
[EventDate "2013.??.??"]
[EventType "tourn (corr)"]
[EventRounds "6"]
[EventCountry "GER"]
[SourceTitle "Corr 2015"]
[Source "ChessBase"]
[SourceDate "2015.07.17"]
[SourceVersion "1"]
[SourceVersionDate "2015.07.17"]
[SourceQuality "1"]

1. e4 d5 2. exd5 Qxd5 3. Nc3 Qe6+ 4. Be2 Qg6 5. Bf3 Nf6 6. Nb5 Na6 7. d4 c6 8. Na3 Bd7 9. Ne2 0-0-0 10. Nc4 Nb4 11. Ne5 Qf5 12. 0-0 Be8 13. Bd2 Nbd5 14. Ng3 Qe6 15. Re1 Qd6 16. c4 Nc7 17. Nf5 Qe6 18. Nxc6 Qxf5 19. Nxa7+ Kb8 20. Qb3 b5 21. Re5 1-0

[Event "Remote 11er 0043 email"]
[Site "Remote email"]
[Date "2013.05.27"]
[Round "?"]
[White "Camacho, Carlos Eduardo"]
[Black "Foerster, Hans Juergen"]
[Result "0-1"]
[WhiteElo "1776"]
[BlackElo "2266"]
[PlyCount "76"]
[EventDate "2013.??.??"]
[EventType "tourn (corr)"]
[EventRounds "10"]
[EventCountry "GER"]
[SourceTitle "Corr 2015"]
[Source "ChessBase"]
[SourceDate "2015.07.17"]
[SourceVersion "1"]
[SourceVersionDate "2015.07.17"]
[SourceQuality "1"]

1. d4 e6 2. c4 b6 3. e4 Bb7 4. Bd3 f5 5. Nc3 Bb4 6. Qc2 Nf6 7. Bg5 fxe4 8. Be2 0-0 9. Nh3 c5 10. dxc5 Nc6 11. 0-0 Nd4 12. Qd1 bxc5 13. Rc1 d5 14. a3 Bxc3 15. Rxc3 Ba6 16. b3 Qa5 17. Rg3 Qxa3 18. Bc1 Qxc1 19. Qxc1 Nxe2+ 20. Kh1 Nxc1 21. Rxc1 d4 22. Nf4 Bc8 23. Rg5 e5 24. Nd5 Nxd5 25. cxd5 Rxf2 26. Rxe5 Bb7 27. h3 e3 28. Kg1 Raf8 29. Rxc5 e2 30. Kh2 d3 31. Rc7 d2 32. Ree7 Rxg2+ 33. Kxg2 Bxd5+ 34. Kh2 Rf2+ 35. Kg3 e1Q 36. Rxg7+ Kf8 37. Rxh7 Rg2+ 38. Kf4 Qe4# 0-1

[Event "Remote 11er 0043 email"]
[Site "Remote email"]
[Date "2013.05.27"]
[Round "?"]
[White "Foerster, Hans Juergen"]
[Black "Carlsen, Torben Erik"]
[Result "0-1"]
[WhiteElo "2205"]
[BlackElo "2337"]
[PlyCount "110"]
[EventDate "2013.??.??"]
[EventType "tourn (corr)"]
[EventRounds "10"]
[EventCountry "GER"]
[SourceTitle "Corr 2015"]
[Source "ChessBase"]
[SourceDate "2015.07.17"]
[SourceVersion "1"]
[SourceVersionDate "2015.07.17"]
[SourceQuality "1"]

1. e4 e5 2. Nf3 Nc6 3. Bc4 Bc5 4. c3 Nf6 5. d3 d6 6. Bb3 a6 7. Nbd2 Ba7 8. h3 0-0 9. 0-0 Be6 10. Re1 h6 11. Nf1 Re8 12. Be3 Bxe3 13. Nxe3 Bxb3 14. Qxb3 Rb8 15. a4 Qd7 16. a5 Qe6 17. Qc2 Rbd8 18. c4 Nb4 19. Qb3 c5 20. Nh4 g6 21. Nf3 Nh5 22. Nd5 Nxd5 23. exd5 Qd7 24. Qb6 Rc8 25. b4 cxb4 26. Nd2 f5 27. Reb1 Nf4 28. Qe3 Rc7 29. Rxb4 g5 30. Rab1 Qg7 31. Rb6 Rd7 32. R6b3 h5 33. Kh2 h4 34. d4 Ree7 35. Nf3 e4 36. Nd2 Nh5 37. Nf1 f4 38. Qc3 Nf6 39. Kg1 Qg6 40. Qd2 Qf5 41. Qe2 g4 42. hxg4 Nxg4 43. f3 exf3 44. Qxf3 h3 45. gxh3 Rg7 46. Kh1 Rh7 47. R1b2 Rxh3+ 48. Qxh3 Rh7 49. Qxh7+ Qxh7+ 50. Kg2 Qe4+ 51. Kh3 Qg6 52. Rd2 Ne3 53. Rxe3 Qh6+ 54. Kg2 fxe3 55. Nxe3 Qxe3 0-1

[Event "Remote 11er 0043 email"]
[Site "Remote email"]
[Date "2013.05.27"]
[Round "?"]
[White "Foerster, Hans Juergen"]
[Black "Floegel, Peter"]
[Result "1/2-1/2"]
[WhiteElo "2266"]
[BlackElo "2223"]
[PlyCount "68"]
[EventDate "2013.??.??"]
[EventType "tourn (corr)"]
[EventRounds "10"]
[EventCountry "GER"]
[SourceTitle "Corr 2015"]
[Source "ChessBase"]
[SourceDate "2015.07.17"]
[SourceVersion "1"]
[SourceVersionDate "2015.07.17"]
[SourceQuality "1"]

1. e4 e6 2. d4 d5 3. e5 c5 4. c3 Nc6 5. Nf3 Qb6 6. Bd3 cxd4 7. cxd4 Bd7 8. 0-0 Nxd4 9. Nxd4 Qxd4 10. Nc3 a6 11. Qe2 Ne7 12. Rd1 Qb6 13. Be3 Qc7 14. f4 Nc6 15. Bf2 Rc8 16. a3 h5 17. Re1 Na5 18. f5 h4 19. Nxd5 exd5 20. e6 fxe6 21. fxe6 Bb5 22. Rad1 Bxd3 23. Qxd3 Rh6 24. Qxd5 Rd8 25. Qxd8+ Qxd8 26. Rxd8+ Kxd8 27. Bb6+ Ke8 28. Bxa5 Bc5+ 29. Kh1 Ke7 30. Rc1 Bd4 31. Rc7+ Kxe6 32. Bc3 Bxc3 33. Rxc3 Kd5 34. Rd3+ Ke5 1/2-1/2

[Event "Remote 7er 0097 email"]
[Site "Remote email"]
[Date "2013.05.09"]
[Round "?"]
[White "Foerster, Hans Juergen"]
[Black "Carlsen, Torben Erik"]
[Result "0-1"]
[WhiteElo "2199"]
[BlackElo "2374"]
[PlyCount "154"]
[EventDate "2013.??.??"]
[EventType "tourn (corr)"]
[EventRounds "6"]
[EventCountry "GER"]
[SourceTitle "Corr 2015"]
[Source "ChessBase"]
[SourceDate "2015.07.17"]
[SourceVersion "1"]
[SourceVersionDate "2015.07.17"]
[SourceQuality "1"]

1. e4 e5 2. Nf3 Nc6 3. Nc3 Nf6 4. Bb5 Bb4 5. 0-0 0-0 6. d3 Bxc3 7. bxc3 d6 8. Bg5 Bg4 9. Bxc6 bxc6 10. h3 Bh5 11. g4 Bg6 12. Rb1 Re8 13. Bh4 Re6 14. Nd2 Qc8 15. Bxf6 Rxf6 16. Qe2 h5 17. Rb2 hxg4 18. hxg4 Rb8 19. Rxb8 Qxb8 20. Rb1 Qc8 21. Nc4 Re6 22. Na5 c5 23. Rb7 Re8 24. f3 Qd7 25. Rxa7 Qa4 26. Kg2 f6 27. Qd2 Rb8 28. Qc1 Bf7 29. c4 g6 30. Kg3 Kg7 31. a3 Qd7 32. Kg2 Rh8 33. Nb3 Qc8 34. Qg1 Qb8 35. Ra6 Rh4 36. Nd2 Be6 37. Nf1 Bc8 38. Ra5 Bd7 39. Ne3 Rh8 40. Nd5 Qb7 41. Qc1 c6 42. Ne3 Qb6 43. Ra4 Kf7 44. Qg1 Qb7 45. Kf2 Qb6 46. Ke2 Qb7 47. Kd2 d5 48. g5 d4 49. Nf1 Bh3 50. Ng3 fxg5 51. Ne2 Kf6 52. Ra5 Qb6 53. Ra4 Be6 54. Nc1 Qb2 55. Ne2 Rh3 56. Ra7 Qb8 57. Ra6 Qb7 58. Ra5 Rxf3 59. Rxc5 Qc7 60. Qh2 Rh3 61. Qf2+ Kg7 62. Ng1 Rh5 63. Qg3 g4 64. Ne2 Qd6 65. Ra5 Kh6 66. Ra8 Qc5 67. Rh8+ Kg5 68. Ra8 Rh3 69. Qf2 Qe7 70. Ra5 c5 71. Ng1 g3 72. Qe1 Rh2+ 73. Kc1 Rf2 74. Ne2 Kh4 75. Ra8 Qg5+ 76. Kb1 Qe3 77. Qh1+ Kg4 0-1

[Event "Remote 7er 0097 email"]
[Site "Remote email"]
[Date "2013.05.09"]
[Round "?"]
[White "Foerster, Hans Juergen"]
[Black "Vetter, Udo"]
[Result "1-0"]
[WhiteElo "2266"]
[BlackElo "1768"]
[PlyCount "53"]
[EventDate "2013.??.??"]
[EventType "tourn (corr)"]
[EventRounds "6"]
[EventCountry "GER"]
[SourceTitle "Corr 2015"]
[Source "ChessBase"]
[SourceDate "2015.07.17"]
[SourceVersion "1"]
[SourceVersionDate "2015.07.17"]
[SourceQuality "1"]

1. e4 c5 2. Nf3 Nc6 3. d4 cxd4 4. Nxd4 g6 5. c4 Bg7 6. Be3 d6 7. Nc3 Nf6 8. Be2 Bd7 9. 0-0 0-0 10. Qd2 Rc8 11. f3 Ne5 12. b3 a6 13. Rac1 Nc6 14. Nxc6 Bxc6 15. Kh1 Nd7 16. Nd5 Nf6 17. Nb6 Rb8 18. b4 e6 19. b5 axb5 20. cxb5 Be8 21. Rfd1 d5 22. exd5 exd5 23. Bc5 Nd7 24. Qxd5 Bf6 25. Nxd7 Qxd7 26. Qxd7 Bxd7 27. Bxf8 1-0

[Event "Remote Superturnier 18 email"]
[Site "Remote email"]
[Date "2012.11.21"]
[Round "?"]
[White "Carlsen, Torben Erik"]
[Black "Foerster, Hans Juergen"]
[Result "1/2-1/2"]
[WhiteElo "2208"]
[BlackElo "2266"]
[PlyCount "100"]
[EventDate "2012.??.??"]
[EventType "tourn (corr)"]
[EventRounds "14"]
[EventCountry "GER"]
[SourceTitle "Corr 2015"]
[Source "ChessBase"]
[SourceDate "2015.07.17"]
[SourceVersion "1"]
[SourceVersionDate "2015.07.17"]
[SourceQuality "1"]

1. e4 e5 2. Bc4 Nf6 3. Nc3 Nxe4 4. Nf3 Nxc3 5. dxc3 c6 6. Nxe5 d5 7. Qe2 Be7 8. Bd3 0-0 9. 0-0 Nd7 10. Re1 Bd6 11. Bf4 Nc5 12. c4 Nxd3 13. Nxd3 dxc4 14. Bxd6 Qxd6 15. Ne5 Be6 16. Nxc4 Qb4 17. Ne5 Qxb2 18. Rab1 Qxa2 19. Rxb7 c5 20. f4 Qd5 21. Rb5 Rfc8 22. Rd1 Qa2 23. Rb7 Qa4 24. f5 Bxf5 25. Qh5 Bg6 26. Nxg6 hxg6 27. Qd5 Rf8 28. Qxc5 Rfd8 29. Re1 Rd7 30. Rb4 Qa6 31. Qe3 Qa5 32. Rh4 Qb6 33. Qxb6 axb6 34. Rc4 Ra5 35. h3 g5 36. Rb1 Rd6 37. Rc7 Rc5 38. Rxc5 bxc5 39. Rb8+ Kh7 40. Rc8 Rd5 41. c4 Re5 42. Rc6 f6 43. Kf2 f5 44. Kf3 g6 45. Rc8 Kh6 46. g3 Kg7 47. Rc7+ Kf6 48. Rc6+ Re6 49. Rxc5 Ra6 50. Rb5 Ra3+ 1/2-1/2

[Event "Remote Superturnier 18 email"]
[Site "Remote email"]
[Date "2012.11.21"]
[Round "?"]
[White "Foerster, Hans Juergen"]
[Black "Ahrens, Gerhard"]
[Result "0-1"]
[WhiteElo "2271"]
[BlackElo "2248"]
[PlyCount "114"]
[EventDate "2012.??.??"]
[EventType "tourn (corr)"]
[EventRounds "14"]
[EventCountry "GER"]
[SourceTitle "Corr 2015"]
[Source "ChessBase"]
[SourceDate "2015.07.17"]
[SourceVersion "1"]
[SourceVersionDate "2015.07.17"]
[SourceQuality "1"]

1. e4 c5 2. f4 d5 3. exd5 Nf6 4. Bb5+ Bd7 5. Bxd7+ Qxd7 6. c4 e6 7. Qe2 Bd6 8. f5 0-0 9. fxe6 fxe6 10. dxe6 Qc8 11. Nf3 Re8 12. 0-0 Rxe6 13. Qd1 Nc6 14. Nc3 Qd7 15. d3 Rae8 16. Ng5 R6e7 17. Nge4 Be5 18. Kh1 Nxe4 19. Nxe4 Bd4 20. Bf4 Nb4 21. Nd6 Rf8 22. Qd2 Nxa2 23. Bg3 Rxf1+ 24. Rxf1 Nb4 25. Ne4 h6 26. h3 b6 27. b3 a6 28. Rf3 Qe6 29. Bd6 Re8 30. Bg3 Be5 31. Bf2 Bc7 32. Qd1 Qg6 33. Bg1 Nxd3 34. Nf6+ gxf6 35. Rxd3 Qf5 36. Rf3 Qe6 37. Bh2 Qe1+ 38. Rf1 Qxd1 39. Rxd1 Bxh2 40. Kxh2 Re3 41. Ra1 a5 42. Rb1 Kf7 43. Kg1 f5 44. Kf2 f4 45. Rd1 Ke6 46. Rd8 Rxb3 47. Rh8 a4 48. Rxh6+ Ke5 49. Rh7 Rb4 50. Re7+ Kf5 51. Rf7+ Ke4 52. Re7+ Kd3 53. h4 Kxc4 54. h5 Rb1 55. h6 Rh1 56. h7 a3 57. Ra7 Kb3 0-1

[Event "Remote Superturnier 18 email"]
[Site "Remote email"]
[Date "2012.11.21"]
[Round "?"]
[White "Foerster, Hans Juergen"]
[Black "Salerno, Luciano"]
[Result "0-1"]
[WhiteElo "2271"]
[BlackElo "2274"]
[PlyCount "150"]
[EventDate "2012.??.??"]
[EventType "tourn (corr)"]
[EventRounds "14"]
[EventCountry "GER"]
[SourceTitle "Corr 2015"]
[Source "ChessBase"]
[SourceDate "2015.07.17"]
[SourceVersion "1"]
[SourceVersionDate "2015.07.17"]
[SourceQuality "1"]

1. e4 c6 2. d4 d5 3. exd5 cxd5 4. Bd3 Nc6 5. c3 Nf6 6. Bf4 Bg4 7. Qb3 Qc8 8. Nd2 e6 9. Ngf3 Be7 10. 0-0 Bh5 11. Rac1 0-0 12. h3 Bg6 13. Bxg6 hxg6 14. Rfe1 Rd8 15. Qc2 b5 16. Bg5 Qb7 17. a3 a5 18. Nb3 Rdc8 19. Ne5 Nxe5 20. dxe5 Ne4 21. Bxe7 Qxe7 22. f3 Nc5 23. Nd4 Qb7 24. Qd2 Nd7 25. Rcd1 Rab8 26. Re3 Nb6 27. Re2 Nc4 28. Qe1 b4 29. axb4 axb4 30. cxb4 Qxb4 31. Qxb4 Rxb4 32. b3 Na5 33. Rd3 g5 34. Ra2 Nb7 35. Nc2 Rb6 36. Rb2 f6 37. exf6 gxf6 38. Kf1 Kf7 39. Ke2 Nc5 40. Rc3 e5 41. b4 d4 42. Rc4 Rbb8 43. Na3 Ke6 44. b5 Kd5 45. b6 Nd7 46. Rxc8 Rxc8 47. Rb5+ Kc6 48. b7 Rb8 49. Rb4 Nc5 50. Nc4 Nxb7 51. Na5+ Kc7 52. Rc4+ Kb6 53. Nxb7 Kxb7 54. Kd3 Rc8 55. Ra4 Kb6 56. Rb4+ Kc6 57. Ke4 Ra8 58. Rb2 Kc5 59. Rc2+ Kd6 60. Rb2 Ra6 61. Rb8 Kc5 62. Rc8+ Kb4 63. Kd3 Ra3+ 64. Kd2 Ra2+ 65. Kd3 Rxg2 66. Rc6 Rg3 67. Rxf6 Kc5 68. Ke2 Rxh3 69. Rf5 Kd6 70. Rxg5 Rh2+ 71. Kd3 Rf2 72. Rg6+ Kd5 73. Rg5 Rxf3+ 74. Ke2 Re3+ 75. Kd2 Rh3 0-1

[Event "Remote Superturnier 18 email"]
[Site "Remote email"]
[Date "2012.11.21"]
[Round "?"]
[White "Foerster, Hans Juergen"]
[Black "Svrsek, Radomir"]
[Result "0-1"]
[WhiteElo "2269"]
[BlackElo "2423"]
[PlyCount "58"]
[EventDate "2012.??.??"]
[EventType "tourn (corr)"]
[EventRounds "14"]
[EventCountry "GER"]
[SourceTitle "Corr 2015"]
[Source "ChessBase"]
[SourceDate "2015.07.17"]
[SourceVersion "1"]
[SourceVersionDate "2015.07.17"]
[SourceQuality "1"]

1. e4 c6 2. d3 d5 3. Nd2 e5 4. Ngf3 Bd6 5. g3 Nf6 6. Bg2 0-0 7. 0-0 Re8 8. Re1 Nbd7 9. c3 h6 10. d4 dxe4 11. Nxe4 Nxe4 12. Rxe4 Nf6 13. Re1 e4 14. Nd2 Bf5 15. a4 Qd7 16. a5 Rad8 17. Ra4 Bf8 18. Nc4 c5 19. Ne3 Be6 20. Qc2 Qc8 21. dxc5 Bxc5 22. b4 Bf8 23. b5 Rd3 24. c4 Red8 25. a6 b6 26. Bf1 Bh3 27. Bxd3 exd3 28. Qd1 Bc5 29. Ra2 Ne4 0-1

[Event "Remote 7er 0092 email"]
[Site "Remote email"]
[Date "2012.09.16"]
[Round "?"]
[White "Foerster, Hans Juergen"]
[Black "Nackas, Hans Juergen"]
[Result "1-0"]
[WhiteElo "2196"]
[BlackElo "2032"]
[PlyCount "107"]
[EventDate "2012.??.??"]
[EventType "tourn (corr)"]
[EventRounds "6"]
[EventCountry "GER"]
[SourceTitle "Corr 2015"]
[Source "ChessBase"]
[SourceDate "2015.07.17"]
[SourceVersion "1"]
[SourceVersionDate "2015.07.17"]
[SourceQuality "1"]

1. e4 Nc6 2. d4 d5 3. Nc3 dxe4 4. d5 Ne5 5. Qd4 Ng4 6. Bf4 c6 7. f3 exf3 8. Nxf3 Qb6 9. h3 N4f6 10. dxc6 bxc6 11. 0-0-0 Qxd4 12. Nxd4 Nd7 13. Nxc6 Bb7 14. Na5 e5 15. Bb5 Bxg2 16. Bxd7+ Ke7 17. Rhe1 f6 18. Rd2 Rd8 19. Bxe5 fxe5 20. Rxe5+ Kf6 21. Rf5+ Ke7 22. Rxg2 Nh6 23. Rd5 Rxd7 24. Nc6+ Ke8 25. Re2+ Be7 26. Rb5 Ng8 27. Rb8+ Kf7 28. Ne5+ Ke6 29. Ng6+ Kf5 30. Nxh8 Nf6 31. Nf7 a6 32. Rf2+ Ke6 33. Ng5+ Kd6 34. Rb6+ Kc7 35. Rxa6 Kb7 36. Ra5 Bd8 37. Rb5+ Kc6 38. Rf4 h6 39. Ne6 Bc7 40. Ra4 Kd6 41. Nc5 Ke7 42. Rb7 Ne8 43. Nb5 Bf4+ 44. Rxf4 Rxb7 45. Nxb7 g5 46. Re4+ Kd7 47. b4 Nf6 48. Nc5+ Kc6 49. Na7+ Kc7 50. Re7+ Kd6 51. Re6+ Kd5 52. Rxf6 g4 53. Re6 h5 54. Re4 1-0

[Event "Remote 7er 0092 email"]
[Site "Remote email"]
[Date "2012.09.16"]
[Round "?"]
[White "Rogovsky, Daniel Javier"]
[Black "Foerster, Hans Juergen"]
[Result "0-1"]
[WhiteElo "2105"]
[BlackElo "2196"]
[PlyCount "66"]
[EventDate "2012.??.??"]
[EventType "tourn (corr)"]
[EventRounds "6"]
[EventCountry "GER"]
[SourceTitle "Corr 2015"]
[Source "ChessBase"]
[SourceDate "2015.07.17"]
[SourceVersion "1"]
[SourceVersionDate "2015.07.17"]
[SourceQuality "1"]

1. e4 c5 2. Nf3 d6 3. d4 cxd4 4. Nxd4 Nf6 5. Nc3 a6 6. Be3 e5 7. Nf3 Qc7 8. a4 Be7 9. a5 0-0 10. Bb6 Qc6 11. Ra4 Be6 12. Ng5 Nbd7 13. Nxe6 Nxb6 14. Rb4 fxe6 15. Rxb6 Qc5 16. Rxb7 Nd5 17. Qd2 Nxc3 18. bxc3 Rf7 19. Rb3 Bh4 20. g3 Bg5 21. f4 exf4 22. h4 fxg3 23. hxg5 Rf2 24. Qd4 Qxg5 25. Be2 Qc1+ 26. Bd1 Raf8 27. Rg1 Qf4 28. Be2 g2 29. c4 Qc1+ 30. Bd1 Rf1+ 31. Ke2 Qg5 32. Rb7 e5 33. Qd5+ Kh8 0-1

[Event "Remote 7er 0091 email"]
[Site "Remote email"]
[Date "2012.07.30"]
[Round "?"]
[White "Valverde Lopez, Mario"]
[Black "Foerster, Hans Juergen"]
[Result "0-1"]
[WhiteElo "2055"]
[BlackElo "2177"]
[PlyCount "102"]
[EventDate "2012.??.??"]
[EventType "tourn (corr)"]
[EventRounds "6"]
[EventCountry "GER"]
[SourceTitle "Corr 2015"]
[Source "ChessBase"]
[SourceDate "2015.07.17"]
[SourceVersion "1"]
[SourceVersionDate "2015.07.17"]
[SourceQuality "1"]

1. d4 f5 2. g3 Nf6 3. Bg2 e6 4. c4 d5 5. Nf3 c6 6. 0-0 Bd6 7. Nc3 0-0 8. Qc2 dxc4 9. Nd2 Bc7 10. e3 Nbd7 11. Nxc4 e5 12. b3 e4 13. Ba3 Re8 14. Nd6 Bxd6 15. Bxd6 Nb6 16. Be5 Ng4 17. Bf4 g5 18. Be5 Nxe5 19. dxe5 Qe7 20. Rad1 Nd7 21. Ne2 Nxe5 22. h3 a5 23. Nd4 a4 24. bxa4 Kh8 25. Ne2 Qf7 26. Rd4 Be6 27. f4 exf3 28. Bxf3 Nxf3+ 29. Rxf3 Qg7 30. h4 Bd5 31. Rxd5 cxd5 32. hxg5 Qxg5 33. Qb3 Qe7 34. Nd4 Qe5 35. Nxf5 Rg8 36. Kh1 Raf8 37. Qb1 Rf7 38. Qc2 Rgf8 39. g4 Rc7 40. Qd3 Rc4 41. Rf4 Rxf4 42. exf4 Qxf4 43. Qxd5 Rc8 44. Ng3 Qxg4 45. Qe5+ Qg7 46. Qe3 Qc3 47. Qf2 Qc1+ 48. Kh2 Rc2 49. Ne2 Qh6+ 50. Kg2 Rxa2 51. Qf3 Qc6 0-1

[Event "Remote Superturnier 16 email"]
[Site "Remote email"]
[Date "2012.04.16"]
[Round "?"]
[White "Ahrens, Gerhard"]
[Black "Foerster, Hans Juergen"]
[Result "1/2-1/2"]
[WhiteElo "2210"]
[BlackElo "2201"]
[PlyCount "136"]
[EventDate "2012.??.??"]
[EventType "tourn (corr)"]
[EventRounds "14"]
[EventCountry "GER"]
[SourceTitle "Corr 2015"]
[Source "ChessBase"]
[SourceDate "2015.07.17"]
[SourceVersion "1"]
[SourceVersionDate "2015.07.17"]
[SourceQuality "1"]

1. c4 e5 2. Nc3 Nc6 3. Nf3 Nf6 4. e4 Bb4 5. d3 d6 6. Be2 0-0 7. a3 Bxc3+ 8. bxc3 Bg4 9. 0-0 h6 10. Be3 Qe7 11. h3 Bxf3 12. Bxf3 Nd8 13. Qd2 Ne6 14. d4 Rfe8 15. Rfe1 Nf8 16. Qd3 b6 17. Bd2 c6 18. Bd1 Ne6 19. g3 Rad8 20. Ba4 Rc8 21. Kg2 Red8 22. f4 Qb7 23. f5 Nf8 24. g4 N8d7 25. Bb3 Re8 26. Qf3 Re7 27. g5 hxg5 28. Bxg5 Rce8 29. Bc2 Qa6 30. Kh1 Qxc4 31. Qg2 Nh5 32. Bxe7 Rxe7 33. Rg1 f6 34. Qf3 Nf4 35. Rab1 Qe2 36. Bb3+ Kf8 37. Rgf1 b5 38. a4 Nb6 39. axb5 cxb5 40. Rf2 Qxf3+ 41. Rxf3 Rc7 42. Bc2 a6 43. Ra1 Ra7 44. Bd3 Ra8 45. Kg1 d5 46. dxe5 fxe5 47. exd5 Nfxd5 48. Be4 Ra7 49. Bxd5 Nxd5 50. Rd3 Nf4 51. Rd6 a5 52. Kf2 Nxh3+ 53. Ke3 Rc7 54. Rxa5 Rxc3+ 55. Ke4 Ng5+ 56. Kd5 Rd3+ 57. Kc6 Rc3+ 58. Kxb5 Rc7 59. Kb6 Re7 60. Rg6 Nf3 61. Kc5 Kf7 62. Raa6 Nh4 63. Rge6 Nxf5 64. Rxe7+ Nxe7 65. Kd6 Kf6 66. Kd7+ Kf7 67. Kd6 Kf6 68. Kd7+ Kf7 1/2-1/2

[Event "Remote Superturnier 16 email"]
[Site "Remote email"]
[Date "2012.04.16"]
[Round "?"]
[White "Foerster, Hans Juergen"]
[Black "Firsching, Guenter"]
[Result "1/2-1/2"]
[WhiteElo "2201"]
[BlackElo "2437"]
[PlyCount "128"]
[EventDate "2012.??.??"]
[EventType "tourn (corr)"]
[EventRounds "14"]
[EventCountry "GER"]
[SourceTitle "Corr 2015"]
[Source "ChessBase"]
[SourceDate "2015.07.17"]
[SourceVersion "1"]
[SourceVersionDate "2015.07.17"]
[SourceQuality "1"]

1. e4 c5 2. Nc3 Nc6 3. g3 g6 4. Bg2 Bg7 5. d3 d6 6. f4 e6 7. Nf3 Nge7 8. Be3 Nd4 9. 0-0 0-0 10. e5 Nef5 11. Bf2 Bd7 12. Ne4 Nxf3+ 13. Bxf3 dxe5 14. fxe5 Bc6 15. Bxc5 Bxe5 16. Bxf8 Qxf8 17. c3 Ne3 18. Qe2 Nxf1 19. Rxf1 Bg7 20. d4 a6 21. Qf2 Qe7 22. Nc5 Bxf3 23. Qxf3 e5 24. Qe4 Qc7 25. Nxb7 exd4 26. cxd4 Qd7 27. Kg2 Rb8 28. Nc5 Qxd4 29. Qxd4 Bxd4 30. Nd3 Bxb2 31. Rb1 Be5 32. Rc1 Bg7 33. a4 Rd8 34. Nb4 Rd4 35. Rc8+ Bf8 36. Nxa6 Rxa4 37. Nb8 Ra2+ 38. Kg1 Ra8 39. Rd8 Kg7 40. Nc6 Bc5+ 41. Kf1 Rxd8 42. Nxd8 Kf6 43. Nb7 Bb6 44. Nd6 h5 45. Kg2 g5 46. Ne8+ Kf5 47. Ng7+ Kg6 48. Ne8 Bd4 49. Nd6 g4 50. Nb7 f5 51. h3 Kf6 52. hxg4 hxg4 53. Nd8 Be3 54. Kf1 Bc5 55. Nc6 Ke6 56. Ke2 Kd5 57. Na5 Bd6 58. Kf2 Bc7 59. Nb3 Kc4 60. Nd2+ Kd3 61. Nf1 Bb6+ 62. Kg2 Ke2 63. Nh2 Bf2 64. Nf1 Bxg3 1/2-1/2

[Event "Remote Superturnier 16 email"]
[Site "Remote email"]
[Date "2012.04.16"]
[Round "?"]
[White "Ryska, Jiri"]
[Black "Foerster, Hans Juergen"]
[Result "1-0"]
[WhiteElo "2198"]
[BlackElo "2201"]
[PlyCount "91"]
[EventDate "2012.??.??"]
[EventType "tourn (corr)"]
[EventRounds "14"]
[EventCountry "GER"]
[SourceTitle "Corr 2015"]
[Source "ChessBase"]
[SourceDate "2015.07.17"]
[SourceVersion "1"]
[SourceVersionDate "2015.07.17"]
[SourceQuality "1"]

1. c4 Nf6 2. d4 c5 3. d5 e6 4. Nc3 exd5 5. cxd5 d6 6. e4 g6 7. Nf3 Bg7 8. Bd3 0-0 9. 0-0 a6 10. Re1 b5 11. Bf4 Re8 12. Qd2 b4 13. Na4 Bd7 14. Qc2 Qa5 15. b3 Bxa4 16. bxa4 Ng4 17. Rac1 Qc7 18. h3 Ne5 19. Nxe5 Bxe5 20. Bxe5 Rxe5 21. f4 Re8 22. e5 Ra7 23. Qf2 Qd8 24. Bc4 Rae7 25. e6 fxe6 26. Rxe6 Rf8 27. Qg3 Rd7 28. f5 Rxf5 29. Rxg6+ Kh8 30. Re6 Qg8 31. Qe3 Rg7 32. Rc2 Nd7 33. Rxd6 Re5 34. Qc1 Rf5 35. Bd3 Rf3 36. Be4 Rf6 37. Rxf6 Nxf6 38. Bf3 Nd7 39. Re2 Qf8 40. Bg4 a5 41. Qd1 Qd6 42. Re6 Qf8 43. d6 Qd8 44. Qa1 Kg8 45. Bf3 Nf8 46. Rf6 1-0